000 00259nam a22000977a 4500
003 SGT
245 _aJournal of Indian Prosthodontics Society
260 _cMedknow Publisher
300 _a442,280,390,420,418,418,400,430,640,275,260,250,240,220,
942 _2ddc
_cBV
999 _c30130
_d30130